000 00439nam a22001577a 4500
005 20240819071319.0
008 240819b |||||||| |||| 00| 0 eng d
041 _aEnglish
082 _a349 LAW
100 _lEnglish
245 _aThe Law Reports: Probate Division
260 _aLondon:
_bLincoln's Inn,
_c1953
300 _bxi, 285 pages;
_c25 cm.
650 _aLegal practice
_bLaw
942 _cBK
_6ALISON_BN_VRIES
999 _c2675
_d2675